000 00371nam a2200157Ia 4500
008 221030s9999 xx 000 0 und d
020 _a8120308433
041 _aEnglish
082 _a105.23
_bKru
100 _aR. L. Kruse
245 0 _aData Structures & Program Design In C
260 _bPHI
_aNew Delhi
_c1996
300 _a507
650 _aBE Computer
942 _cBK
999 _c7450
_d7450